[Event "2nd Indonesia Open Chess Ch. 2012"]
[Site "Grand SahidJaya Hotel, Jakarta"]
[Date "2012.10.15"]
[Round "6.11"]
[White "Megaranto, Susanto"]
[Black "Wang, Chen"]
[Result "0-1"]
[WhiteElo "2532"]
[BlackElo "2469"]
[PlyCount "88"]
[EventDate "2012.10.11"]

1. Nf3 d5 2. b3 Nf6 3. Bb2 Bf5 4. g3 e6 5. Bg2 Nbd7 6. O-O Be7 7. c4 O-O 8. d3
h6 9. Nbd2 Bh7 10. Qc2 c5 11. e4 d4 12. b4 cxb4 13. Bxd4 Nc5 14. Nb3 Nfd7 15.
Rad1 Qc7 16. Rfe1 Rfc8 17. Ba1 Na4 18. Bf1 b5 19. Qd2 bxc4 20. dxc4 Nf6 21. Bd3
Rd8 22. Qe2 Nc5 23. Nxc5 Bxc5 24. Bc2 Qb6 25. Bxf6 gxf6 26. Nd2 Bd4 27. Nb3
Rac8 28. Rd2 Bc5 29. Red1 Rxd2 30. Rxd2 Bf8 31. h4 Qc7 32. Qg4+ Kh8 33. Qf3 Qe5
34. Rd7 Rc7 35. Rxc7 Qxc7 36. Bd3 a5 37. Nd4 Be7 38. Qh5 Bc5 39. Qxh6 Qe5 40.
Ne2 a4 41. Qc1 Bxe4 42. Nf4 Bxd3 43. Qd1 Bxc4 44. Qxa4 Qa1+ 0-1

[Event "2nd Indonesia Open Chess Ch. 2012"]
[Site "Grand SahidJaya Hotel, Jakarta"]
[Date "2012.10.15"]
[Round "6.13"]
[White "Gao, Rui"]
[Black "Krasenkow, Michal"]
[Result "0-1"]
[WhiteElo "2443"]
[BlackElo "2636"]
[PlyCount "116"]
[EventDate "2012.10.11"]

1. e4 g6 2. d4 Bg7 3. Nc3 c6 4. h3 d6 5. Nf3 Nf6 6. Be3 O-O 7. a4 a5 8. Be2 Na6
9. O-O Nb4 10. Qc1 Qc7 11. Bh6 e5 12. dxe5 dxe5 13. Bc4 Re8 14. Bxg7 Kxg7 15.
Re1 Be6 16. Bxe6 Rxe6 17. Na2 Nxa2 18. Rxa2 Nd7 19. Ra3 Nc5 20. Qe3 b6 21. Raa1
Rd8 22. b3 f6 23. Red1 Red6 24. Rxd6 Rxd6 25. g3 Qd8 26. Kg2 Ne6 27. Qc3 c5 28.
Re1 Nd4 29. Re3 h5 30. Qc4 Qa8 31. c3 Nc2 32. g4 Nxe3+ 33. fxe3 hxg4 34. hxg4
Qg8 35. Qb5 Qe6 36. Kg3 Rd1 37. Qa6 Rd7 38. Qc8 Qd6 39. Qa8 Qc7 40. c4 Rd8 41.
Qa6 Qc6 42. Qa7+ Rd7 43. Qb8 Qxe4 44. g5 Qd3 45. gxf6+ Kxf6 46. Qh8+ Ke7 47.
Kg2 Qf5 48. Qh7+ Kd8 49. Qg8+ Kc7 50. Qa8 Rf7 51. Qa7+ Kc8 52. Qa8+ Kd7 53.
Qb7+ Ke8 54. Qc8+ Ke7 55. Qc7+ Kf8 56. Qd6+ Kg8 57. Qd8+ Kg7 58. Ng5 Qg4+ 0-1

[Event "2nd Indonesia Open Chess Ch. 2012"]
[Site "Grand SahidJaya Hotel, Jakarta"]
[Date "2012.10.15"]
[Round "6.14"]
[White "Bitoon, Richard"]
[Black "Ehlvest, Jaan"]
[Result "0-1"]
[WhiteElo "2430"]
[BlackElo "2607"]
[PlyCount "70"]
[EventDate "2012.10.11"]

1. e4 c5 2. Nf3 e6 3. d3 b6 4. g3 Bb7 5. Bg2 d6 6. O-O Be7 7. c4 Nd7 8. Nc3
Ngf6 9. Ng5 h6 10. Nh3 g5 11. a3 g4 12. Nf4 Ne5 13. f3 h5 14. fxg4 hxg4 15. Be3
Nh7 16. d4 cxd4 17. Bxd4 Ng5 18. Nd3 f6 19. Ne1 Qd7 20. Bxe5 dxe5 21. Qxg4 Qd4+
22. Kh1 Qxc4 23. Rd1 f5 24. Qe2 Qxe2 25. Nxe2 Nxe4 26. Nd3 Rd8 27. Bf3 Bf6 28.
Kg2 Rh7 29. Nec1 Rc7 30. h4 Ke7 31. Kh3 Rg8 32. Ne2 Rd7 33. Kh2 a5 34. Rg1 Rgd8
35. Nec1 Nc3 0-1

[Event "2nd Indonesia Open Chess Ch. 2012"]
[Site "Grand SahidJaya Hotel, Jakarta"]
[Date "2012.10.15"]
[Round "6.15"]
[White "Tania, Sachdev"]
[Black "Paragua, Mark"]
[Result "1/2-1/2"]
[WhiteElo "2401"]
[BlackElo "2540"]
[PlyCount "118"]
[EventDate "2012.10.11"]

1. d4 d5 2. c4 c6 3. Nf3 Nf6 4. Nc3 e6 5. Qb3 dxc4 6. Qxc4 b5 7. Qd3 Nbd7 8. e4
b4 9. Na4 Bb7 10. Be3 Qa5 11. b3 Be7 12. Nd2 O-O 13. f3 Rfd8 14. Qc2 c5 15.
dxc5 Rac8 16. Rc1 Qc7 17. Bb5 Ne5 18. O-O Nc6 19. Rfd1 Nd4 20. Qc4 Qa5 21. Bxd4
a6 22. c6 axb5 23. Qf1 Rxc6 24. Rxc6 Bxc6 25. Bb6 Bc5+ 26. Bxc5 bxa4 27. Qf2
Qb5 28. Rc1 Nd7 29. Qd4 Rb8 30. Bxb4 Ba8 31. Bd6 e5 32. bxa4 Qa5 33. Qd3 Re8
34. Rc7 Qxa4 35. h4 Nf6 36. Qb3 Qd4+ 37. Kh2 Bd5 38. Qc2 Be6 39. Bc5 Qd8 40.
Be3 Bxa2 41. Rc5 Be6 42. Rxe5 Qb8 43. Bf4 Qd8 44. Rb5 Nd7 45. Bg3 h6 46. f4 Nf6
47. f5 Bd7 48. Rb8 Qe7 49. Rxe8+ Qxe8 50. Qc7 Bc6 51. Qb8 Qxb8 52. Bxb8 Bxe4
53. Nxe4 Nxe4 54. g4 h5 55. gxh5 Kh7 56. Bf4 Nf6 57. Kh3 Nxh5 58. Be5 f6 59.
Bd6 g6 1/2-1/2

[Event "2nd Indonesia Open Chess Ch. 2012"]
[Site "Grand SahidJaya Hotel, Jakarta"]
[Date "2012.10.15"]
[Round "6.17"]
[White "Juswanto, Denny"]
[Black "Dao, Thien Hai"]
[Result "1/2-1/2"]
[WhiteElo "2412"]
[BlackElo "2523"]
[PlyCount "83"]
[EventDate "2012.10.11"]

1. d4 d5 2. Nf3 c6 3. Bf4 Nf6 4. e3 Bg4 5. Nbd2 e6 6. Be2 Nbd7 7. h3 Bh5 8. O-O
Be7 9. c4 O-O 10. c5 Bg6 11. b4 Ne4 12. Nxe4 Bxe4 13. Bd3 Bxf3 14. Qxf3 Bf6 15.
Rfd1 Re8 16. Bh2 g6 17. b5 a6 18. bxc6 bxc6 19. Rab1 Ra7 20. Bc2 Qa5 21. Bb3
Rb7 22. Bd6 Kg7 23. e4 Rb4 24. e5 Be7 25. Bxe7 Rxe7 26. Qc3 Qa3 27. Qf3 Qa5 28.
a3 Rb8 29. Bc2 Ree8 30. Qe3 Rb5 31. Rxb5 axb5 32. f4 Ra8 33. Rd3 h5 34. Qf2 Rh8
35. g3 Nb8 36. Kg2 Na6 37. Rf3 Kf8 38. Kf1 Ke8 39. Qe1 Qxe1+ 40. Kxe1 Kd7 41.
Kd2 Nc7 42. Rb3 1/2-1/2

[Event "2nd Indonesia Open Chess Ch. 2012"]
[Site "Grand SahidJaya Hotel, Jakarta"]
[Date "2012.10.15"]
[Round "6.18"]
[White "Ardiansyah, H."]
[Black "Nguyen, Van Huy"]
[Result "0-1"]
[WhiteElo "2371"]
[BlackElo "2517"]
[PlyCount "86"]
[EventDate "2012.10.11"]

1. e4 c5 2. Nf3 Nc6 3. Bb5 g6 4. O-O Bg7 5. Re1 Nf6 6. Nc3 O-O 7. h3 Nd4 8. e5
Ne8 9. Bf1 d6 10. Nxd4 cxd4 11. exd6 Nxd6 12. Ne2 d3 13. cxd3 Nf5 14. d4 b6 15.
d3 Bb7 16. Bf4 e6 17. Be5 Qd7 18. Bxg7 Kxg7 19. Qd2 Nxd4 20. Qc3 Rfd8 21. Rac1
Rac8 22. Qxd4+ Qxd4 23. Nxd4 Rxd4 24. Rxc8 Bxc8 25. Rc1 Bd7 26. Rc7 a5 27. f3
e5 28. Kf2 Kf6 29. Ke3 Ke7 30. g3 g5 31. Rb7 Rb4 32. b3 Kd6 33. Kd2 b5 34. Ra7
a4 35. Kc3 axb3 36. axb3 Rd4 37. b4 h5 38. Ra6+ Ke7 39. Rh6 h4 40. g4 Rf4 41.
Be2 f6 42. Rh7+ Kd6 43. Rh6 Bc6 0-1

[Event "2nd Indonesia Open Chess Ch. 2012"]
[Site "Grand SahidJaya Hotel, Jakarta"]
[Date "2012.10.15"]
[Round "6.19"]
[White "Dzhumaev, Marat"]
[Black "Azarya, Jodi Setyaki"]
[Result "1-0"]
[WhiteElo "2516"]
[BlackElo "2005"]
[PlyCount "69"]
[EventDate "2012.10.11"]

1. e4 c5 2. Nc3 Nc6 3. Bb5 Nd4 4. Nf3 Nxb5 5. Nxb5 d5 6. exd5 Nf6 7. c4 a6 8.
Nc3 e6 9. O-O exd5 10. d4 dxc4 11. Bg5 Be7 12. d5 O-O 13. Re1 h6 14. Bh4 Bf5
15. Qe2 Bd6 16. Qxc4 b5 17. Qe2 b4 18. Nd1 Bf4 19. Ne3 Re8 20. Rad1 g5 21. Bg3
Ng4 22. d6 Qd7 23. Bxf4 gxf4 24. Nxg4 Bxg4 25. Qd3 Qb5 26. Qd5 c4 27. Qd4 Bxf3
28. gxf3 Qf5 29. Rxe8+ Rxe8 30. Kh1 Kh7 31. Rg1 Rg8 32. Rxg8 Kxg8 33. d7 Qb1+
34. Kg2 Qg6+ 35. Kf1 1-0

[Event "2nd Indonesia Open Chess Ch. 2012"]
[Site "Grand SahidJaya Hotel, Jakarta"]
[Date "2012.10.15"]
[Round "6.20"]
[White "Pascua, Haridas"]
[Black "Cao, Sang"]
[Result "1-0"]
[WhiteElo "2350"]
[BlackElo "2514"]
[PlyCount "145"]
[EventDate "2012.10.11"]

1. d4 Nf6 2. c4 e6 3. Nf3 b6 4. g3 Bb7 5. Bg2 Be7 6. O-O O-O 7. d5 Na6 8. Nd4
exd5 9. Nf5 c6 10. cxd5 cxd5 11. Nc3 Nc7 12. Bf4 Ne6 13. Bd6 Bxd6 14. Nxd6 Bc6
15. Nxd5 Nxd5 16. Bxd5 Qf6 17. Nc4 b5 18. Na5 Bxd5 19. Qxd5 Qxb2 20. e3 Qb4 21.
Nb7 a6 22. a4 bxa4 23. Rfb1 Qg4 24. Qxd7 Rab8 25. Rxa4 Qf3 26. Rab4 h6 27. h4
Rbc8 28. Qd3 Rc6 29. Na5 Rc5 30. Qxa6 Rf5 31. R4b2 Kh7 32. Qc6 Qg4 33. Rb4 Qg6
34. Nb7 Rb8 35. Qe4 Rh5 36. Qxg6+ Kxg6 37. e4 Kf6 38. Nd6 Rxb4 39. Rxb4 Ra5 40.
Rb7 Ra1+ 41. Kg2 Ke5 42. Nxf7+ Kxe4 43. Rb5 Kd4 44. Nd6 Ra2 45. Nf5+ Kc4 46.
Nd6+ Kd4 47. h5 Nc5 48. Nf5+ Kc4 49. Rb8 Ne4 50. Ne3+ Kc5 51. Ng4 Ra7 52. Re8
Ng5 53. f4 Ra2+ 54. Nf2 Nh7 55. Kf3 Kd5 56. Ng4 Kd6 57. Rh8 Ra3+ 58. Kg2 Nf6
59. Nxf6 gxf6 60. Rxh6 Ke6 61. g4 Ra2+ 62. Kg3 Ra3+ 63. Kg2 Ra2+ 64. Kh3 Ra3+
65. Kh4 Rf3 66. g5 Rxf4+ 67. Kg3 Rf5 68. g6 Rg5+ 69. Kf4 Ke7 70. Rh8 Ke6 71.
Re8+ Kd7 72. Ra8 Kc6 73. h6 1-0

[Event "2nd Indonesia Open Chess Ch. 2012"]
[Site "Grand SahidJaya Hotel, Jakarta"]
[Date "2012.10.15"]
[Round "6.21"]
[White "Novita, Anjas"]
[Black "Shyam, Sundar M"]
[Result "0-1"]
[WhiteElo "2339"]
[BlackElo "2494"]
[PlyCount "100"]
[EventDate "2012.10.11"]

1. e4 e6 2. d4 d5 3. Nc3 Bb4 4. e5 Ne7 5. Nge2 c5 6. a3 Bxc3+ 7. bxc3 O-O 8.
Ng3 f6 9. exf6 Rxf6 10. Be2 Qa5 11. Bd2 cxd4 12. cxd4 Qa4 13. Bg5 Rf7 14. Qd2
Nbc6 15. c3 Na5 16. O-O Bd7 17. Rab1 Rc8 18. Qe3 Ng6 19. Bh5 Qc6 20. Ne2 Nc4
21. Qg3 Nxa3 22. Rbc1 Rf5 23. Bxg6 hxg6 24. Nf4 Be8 25. Rfe1 e5 26. dxe5 Nc4
27. Rcd1 Bf7 28. e6 Be8 29. Qh4 Nb2 30. Rc1 d4 31. Ne2 Qd5 32. cxd4 Rxg5 33.
Nf4 Rxc1 34. Rxc1 Qd8 35. g3 Na4 36. Nh3 Rd5 37. e7 Qd7 38. Ng5 Rxg5 39. Qxg5
Nb6 40. Qe5 Nd5 41. Rc5 Nf6 42. Rc7 Qg4 43. Kg2 Kf7 44. f3 Qe6 45. Rxb7 Qa2+
46. Kh3 a5 47. Ra7 a4 48. Ra5 Bd7+ 49. g4 Qf2 50. Qf4 Bxg4+ 0-1

[Event "2nd Indonesia Open Chess Ch. 2012"]
[Site "Grand SahidJaya Hotel, Jakarta"]
[Date "2012.10.15"]
[Round "6.23"]
[White "Hamdani, Rudin"]
[Black "Irwanto, Sadikin"]
[Result "1-0"]
[WhiteElo "2328"]
[BlackElo "2412"]
[PlyCount "99"]
[EventDate "2012.10.11"]

1. e4 e5 2. d4 exd4 3. Qxd4 Nc6 4. Qe3 Nf6 5. Nc3 Bb4 6. Bd2 O-O 7. O-O-O Re8
8. Qg3 Rxe4 9. a3 Rg4 10. Qe3 Ba5 11. f3 Rg6 12. h4 Nh5 13. Ne4 Bb6 14. Qe1 d5
15. Bg5 f6 16. Bc4 Be6 17. g4 fxg5 18. gxh5 Rf6 19. Nxf6+ Qxf6 20. Qxe6+ Qxe6
21. Bxd5 Qxd5 22. Rxd5 gxh4 23. Ne2 Re8 24. Kd2 Ne5 25. Kc3 Nxf3 26. Nf4 c6 27.
Rd7 Re4 28. Nd3 Bd4+ 29. Kb3 b5 30. Ka2 h6 31. Rf1 Ng5 32. Rd8+ Kh7 33. Rff8 g6
34. Nf2 Bg7 35. Nxe4 Nxe4 36. Rf4 Nc5 37. hxg6+ Kxg6 38. Rg4+ Kf7 39. Rc8 Ne6
40. Rxh4 c5 41. Rh1 a5 42. Rc6 b4 43. Rf1+ Bf6 44. Re1 Nd4 45. Rxc5 bxa3 46.
bxa3 a4 47. c3 Ne6 48. Rc6 Nf4 49. Rf1 Ne6 50. Rc4 1-0

[Event "2nd Indonesia Open Chess Ch. 2012"]
[Site "Grand SahidJaya Hotel, Jakarta"]
[Date "2012.10.15"]
[Round "6.24"]
[White "Barus, Cerdas"]
[Black "Farid, Firman Syah"]
[Result "1-0"]
[WhiteElo "2400"]
[BlackElo "2326"]
[PlyCount "81"]
[EventDate "2012.10.11"]

1. d4 g6 2. c4 Bg7 3. Nc3 Nf6 4. e4 O-O 5. f3 d6 6. Be3 e5 7. Nge2 exd4 8. Nxd4
Nc6 9. Qd2 Nh5 10. O-O-O Nxd4 11. Bxd4 Be6 12. Kb1 f5 13. exf5 Bxf5+ 14. Ka1
Be6 15. Ne4 Qe7 16. Bxg7 Qxg7 17. Ng5 Rae8 18. c5 Qe5 19. cxd6 cxd6 20. Nxe6
Qxe6 21. Bb5 Rd8 22. Rhe1 Qf7 23. Qd4 Nf6 24. g4 d5 25. Qxa7 Ne8 26. Be2 Ng7
27. Qb6 Ne6 28. Rd2 Rc8 29. h4 Rc6 30. Qe3 Nf4 31. Bf1 Rfc8 32. Rdd1 Qc7 33. a3
Rc2 34. Qd4 Qf7 35. h5 Qg7 36. Ka2 Qxd4 37. Rxd4 g5 38. Bd3 Rc1 39. Re7 Rd8 40.
Bxh7+ Kf8 41. Rxb7 1-0

[Event "2nd Indonesia Open Chess Ch. 2012"]
[Site "Grand SahidJaya Hotel, Jakarta"]
[Date "2012.10.15"]
[Round "6.25"]
[White "Tirto"]
[Black "Guo, Qi"]
[Result "1/2-1/2"]
[WhiteElo "2322"]
[BlackElo "2391"]
[PlyCount "182"]
[EventDate "2012.10.11"]

1. d4 d5 2. c4 e6 3. Nf3 Nf6 4. g3 dxc4 5. Bg2 c5 6. Na3 Nc6 7. Nxc4 cxd4 8.
O-O Bc5 9. a3 a5 10. Bd2 O-O 11. Qc2 d3 12. exd3 Nd4 13. Nxd4 Bxd4 14. Rac1 h6
15. Qb1 Ng4 16. Bc3 Ra7 17. b4 Bxc3 18. Rxc3 Qd4 19. Qb2 axb4 20. Qxb4 Ra4 21.
Qxa4 Qxc3 22. Nb6 Ne5 23. Qb5 Nxd3 24. a4 Nc5 25. a5 e5 26. Nd5 Qa3 27. Ne7+
Kh7 28. Nxc8 Rxc8 29. Bxb7 Nxb7 30. Qxb7 Rc5 31. a6 Ra5 32. Qxf7 Rxa6 33. Qf5+
Kh8 34. Qxe5 Ra8 35. h4 Qa5 36. Qe4 Qa4 37. Qb7 Qa7 38. Qc6 Rf8 39. Qc2 Qf7 40.
Rd1 Qf5 41. Qb2 Qf6 42. Qd2 Qf3 43. Re1 Qf6 44. Re3 Qa1+ 45. Kg2 Qa8+ 46. f3
Qc6 47. Rc3 Qf6 48. Qe3 Rb8 49. Kh3 Rf8 50. Rd3 Qa1 51. Kg2 Qb2+ 52. Rd2 Qf6
53. Qe4 Qf7 54. Re2 Qf6 55. Qg4 Rb8 56. Kh3 Rf8 57. Kg2 Rb8 58. Qe4 Rf8 59. h5
Qf5 60. g4 Qf6 61. Kg3 Qd6+ 62. Kg2 Qf6 63. Re3 Qb2+ 64. Kg3 Qa1 65. Re1 Qf6
66. Rd1 Qf7 67. Re1 Qf6 68. Re2 Qd6+ 69. Qe5 Qxe5+ 70. Rxe5 Kh7 71. Re7 Ra8 72.
Kf4 Ra4+ 73. Kf5 Ra5+ 74. Re5 Ra6 75. f4 Rf6+ 76. Ke4 Ra6 77. Rd5 Re6+ 78. Kf5
Re7 79. g5 hxg5 80. fxg5 Rf7+ 81. Ke6 Rf1 82. Rd8 Re1+ 83. Kf5 Rf1+ 84. Ke5
Re1+ 85. Kf4 Rf1+ 86. Ke4 Re1+ 87. Kf3 Rh1 88. Kg4 Rg1+ 89. Kf4 Rf1+ 90. Ke4
Re1+ 91. Kf3 Rh1 1/2-1/2

[Event "2nd Indonesia Open Chess Ch. 2012"]
[Site "Grand SahidJaya Hotel, Jakarta"]
[Date "2012.10.15"]
[Round "6.26"]
[White "Wahono, Awam"]
[Black "Kasmiran"]
[Result "1/2-1/2"]
[WhiteElo "2389"]
[BlackElo "2310"]
[PlyCount "103"]
[EventDate "2012.10.11"]

1. d4 g6 2. Nf3 Nf6 3. Bf4 Bg7 4. e3 O-O 5. Nbd2 d6 6. h3 Nbd7 7. Be2 b6 8. O-O
Bb7 9. Bh2 c5 10. c3 a6 11. a4 Qc7 12. Qb3 cxd4 13. exd4 h6 14. Rfe1 Bd5 15.
Bc4 Bxc4 16. Nxc4 Rfe8 17. Rad1 Rac8 18. Ne3 e6 19. Nd2 Bf8 20. f3 Qc6 21. Qc4
Qb7 22. Qd3 e5 23. Kh1 b5 24. axb5 axb5 25. Nc2 exd4 26. Nxd4 Rxe1+ 27. Rxe1 b4
28. c4 d5 29. b3 Nc5 30. Qb1 Rd8 31. Be5 Nfd7 32. Bh2 Nb6 33. Bg1 dxc4 34. Nxc4
Nd5 35. Qc2 Nf4 36. Na5 Qd7 37. Nac6 Ncd3 38. Re4 Rc8 39. Qc4 Ra8 40. Nc2 Nxh3
41. Rd4 Nhf2+ 42. Bxf2 Nxf2+ 43. Kg1 Nh3+ 44. gxh3 Qxh3 45. Rg4 Qxf3 46. Rxg6+
Kh7 47. Rg2 Qd1+ 48. Kf2 Qd2+ 49. Kf1 Qc1+ 50. Kf2 Qd2+ 51. Kf1 Qc1+ 52. Kf2
1/2-1/2

[Event "2nd Indonesia Open Chess Ch. 2012"]
[Site "Grand SahidJaya Hotel, Jakarta"]
[Date "2012.10.15"]
[Round "6.27"]
[White "Khairul, Anam"]
[Black "Lioe, Dede"]
[Result "1/2-1/2"]
[WhiteElo "2308"]
[BlackElo "2387"]
[PlyCount "142"]
[EventDate "2012.10.11"]

1. d4 d5 2. c4 e6 3. Nc3 Nf6 4. Nf3 Be7 5. Bg5 O-O 6. e3 Nbd7 7. Bd3 b6 8. O-O
Bb7 9. Qe2 Ne4 10. Bxe7 Qxe7 11. Nd2 Nxd2 12. Qxd2 dxc4 13. Bxc4 c5 14. Rfd1
Rfd8 15. Qe2 Nf6 16. dxc5 Qxc5 17. Ba6 Bc6 18. Qc4 Qxc4 19. Bxc4 Kf8 20. f3 Ke7
21. Kf2 b5 22. Be2 b4 23. Nb5 Rxd1 24. Rxd1 Bxb5 25. Bxb5 Rc8 26. Rd2 Nd5 27.
e4 Nb6 28. a4 Rc5 29. Ke2 g5 30. Kd1 h6 31. Rd4 a5 32. g3 f6 33. Kd2 Rc7 34. f4
gxf4 35. gxf4 Rc5 36. Rd3 Nc4+ 37. Bxc4 Rxc4 38. Ke3 Rc1 39. Kd4 Kd6 40. e5+
fxe5+ 41. fxe5+ Kc6 42. Rh3 Rd1+ 43. Kc4 Re1 44. Rxh6 Rxe5 45. h4 Re4+ 46. Kd3
Kd5 47. Rh8 Rg4 48. Rd8+ Kc5 49. Rc8+ Kd5 50. Rd8+ Kc6 51. Ra8 Rg3+ 52. Kc4
Rg4+ 53. Kb3 Rg3+ 54. Kc4 Rg4+ 55. Kb3 Rg3+ 56. Ka2 Kb6 57. Re8 Rg6 58. Rb8+
Ka6 59. Rb5 Rg4 60. h5 Re4 61. Rg5 e5 62. Rg6+ Kb7 63. Re6 Re3 64. h6 Rh3 65.
Rxe5 Kb6 66. Re6+ Kc5 67. Rg6 Kc4 68. Rg4+ Kc5 69. Rg5+ Kb6 70. Rg6+ Kc5 71.
Ra6 Kc4 1/2-1/2

[Event "2nd Indonesia Open Chess Ch. 2012"]
[Site "Grand SahidJaya Hotel, Jakarta"]
[Date "2012.10.15"]
[Round "6.28"]
[White "Purnama, Tirta Chandra"]
[Black "Jafar, Sofyan"]
[Result "1-0"]
[WhiteElo "2384"]
[BlackElo "2286"]
[PlyCount "35"]
[EventDate "2012.10.11"]

1. d4 Nf6 2. c4 e6 3. Nf3 b6 4. a3 Bb7 5. Nc3 c5 6. d5 exd5 7. cxd5 d6 8. e4
Be7 9. Bb5+ Nbd7 10. e5 Ng4 11. e6 fxe6 12. dxe6 O-O 13. exd7 Bh4 14. O-O Rxf3
15. Bc4+ Kh8 16. gxf3 Nxh2 17. Kxh2 Bg5 18. Re1 1-0

[Event "2nd Indonesia Open Chess Ch. 2012"]
[Site "Grand SahidJaya Hotel, Jakarta"]
[Date "2012.10.15"]
[Round "6.29"]
[White "Kaisar, Jenius Hakiki"]
[Black "Tunasly, Kifly"]
[Result "1-0"]
[WhiteElo "2285"]
[BlackElo "2376"]
[PlyCount "54"]
[EventDate "2012.10.11"]

1. e4 e5 2. Nf3 Nc6 3. d4 exd4 4. Nxd4 Bc5 5. Be3 Qf6 6. c3 Nge7 7. Bc4 O-O 8.
O-O Ne5 9. Be2 Qg6 10. Nd2 d5 11. Bh5 Qd6 12. f4 Bxd4 13. cxd4 Nc4 14. Nxc4
dxc4 15. f5 f6 16. Qa4 Qc6 17. Qc2 b5 18. a4 Bb7 19. d5 Qd7 20. axb5 Qxb5 21.
Rfc1 g6 22. Be2 gxf5 23. Bxc4 Qe8 24. d6+ Nd5 25. Bh6 Qxe4 26. Qxe4 fxe4 27.
dxc7 Rf7 1-0

[Event "2nd Indonesia Open Chess Ch. 2012"]
[Site "Grand SahidJaya Hotel, Jakarta"]
[Date "2012.10.15"]
[Round "6.30"]
[White "Bai, Jinshi"]
[Black "Sitanggang, Salor"]
[Result "1-0"]
[WhiteElo "2252"]
[BlackElo "2367"]
[PlyCount "71"]
[EventDate "2012.10.11"]

1. d4 Nf6 2. c4 g6 3. Nc3 Bg7 4. e4 d6 5. Nf3 O-O 6. Be2 Na6 7. O-O e5 8. Be3
Ng4 9. Bg5 Qe8 10. h3 h6 11. Bh4 Nf6 12. Bxf6 Bxf6 13. c5 Bg7 14. Bxa6 bxa6 15.
Nd5 Qd8 16. dxe5 dxe5 17. Qa4 Rb8 18. b3 Rb5 19. Rad1 Bd7 20. Qxa6 Rxc5 21.
Qxa7 Rc2 22. Ne3 Rc6 23. Nc4 Re8 24. Qa5 Qc8 25. Qd5 Re7 26. Nfxe5 Bxe5 27.
Nxe5 Rd6 28. Qc5 Be6 29. Rxd6 cxd6 30. Qxc8+ Bxc8 31. Nc4 Ba6 32. Rc1 Rxe4 33.
Nxd6 Re2 34. b4 Bd3 35. a4 Ra2 36. b5 1-0

[Event "2nd Indonesia Open Chess Ch. 2012"]
[Site "Grand SahidJaya Hotel, Jakarta"]
[Date "2012.10.15"]
[Round "6.31"]
[White "Halay, Taufik"]
[Black "Situru, Muhammad Ivan"]
[Result "1/2-1/2"]
[WhiteElo "2366"]
[BlackElo "2284"]
[PlyCount "61"]
[EventDate "2012.10.11"]

1. d4 Nf6 2. c4 g6 3. Nc3 Bg7 4. e4 d6 5. Nf3 O-O 6. h3 e5 7. dxe5 dxe5 8. Qxd8
Rxd8 9. Nd5 Nxd5 10. cxd5 c6 11. Bc4 h6 12. O-O b5 13. Bb3 Bb7 14. dxc6 Bxc6
15. Re1 a5 16. a4 bxa4 17. Bxa4 Bxa4 18. Rxa4 Nc6 19. Bd2 Rdb8 20. Bc3 Nd4 21.
Nxd4 exd4 22. Bxd4 Bxd4 23. Rxd4 Rxb2 24. Ra1 Kg7 25. Rda4 Re8 26. Rxa5 Rxe4
27. R5a2 Re1+ 28. Rxe1 Rxa2 29. g3 h5 30. h4 Rb2 31. Kg2 1/2-1/2

[Event "2nd Indonesia Open Chess Ch. 2012"]
[Site "Grand SahidJaya Hotel, Jakarta"]
[Date "2012.10.15"]
[Round "6.32"]
[White "Pamungkas, Junaid"]
[Black "Sukandar, Irine Kharisma"]
[Result "0-1"]
[WhiteElo "2221"]
[BlackElo "2362"]
[PlyCount "118"]
[EventDate "2012.10.11"]

1. e4 c5 2. Nc3 Nc6 3. g3 g6 4. Bg2 Bg7 5. Nge2 d6 6. O-O Nf6 7. d3 O-O 8. h3
e5 9. f4 Nd4 10. g4 exf4 11. Nxf4 Ne6 12. Be3 Nd7 13. Qd2 Ne5 14. Ncd5 Nxf4 15.
Bxf4 Be6 16. Rf2 Bxd5 17. exd5 f5 18. Bg5 Qd7 19. gxf5 gxf5 20. Kh1 Ng6 21. c3
Rf7 22. Raf1 Raf8 23. h4 f4 24. h5 f3 25. Rxf3 Rxf3 26. Rxf3 Rxf3 27. Bxf3 Qh3+
28. Kg1 Qxf3 29. hxg6 hxg6 30. Be3 Qxd5 31. b3 Qf3 32. d4 Qg3+ 33. Kf1 cxd4 34.
Bxd4 Qf3+ 35. Bf2 Be5 36. Kg1 Qg4+ 37. Kf1 Qf3 38. Kg1 Kg7 39. c4 a6 40. Qg5
Bh2+ 41. Kf1 Be5 42. Kg1 Kf7 43. Qd8 Qf6 44. Qc8 Qe7 45. Kg2 Kg7 46. a4 Bf6 47.
Kf1 Qe4 48. Qd7+ Be7 49. Qe8 Kf6 50. Kg1 Kg5 51. b4 Kg4 52. b5 Kf3 53. Qf7+ Qf4
54. Qxe7 Qg4+ 55. Kf1 Qxc4+ 56. Kg1 Qg4+ 57. Kf1 Qg2+ 58. Ke1 Qxf2+ 59. Kd1
Qd4+ 0-1

[Event "2nd Indonesia Open Chess Ch. 2012"]
[Site "Grand SahidJaya Hotel, Jakarta"]
[Date "2012.10.15"]
[Round "6.34"]
[White "Sutarno"]
[Black "Torre, Eugenio"]
[Result "0-1"]
[WhiteElo "2252"]
[BlackElo "2500"]
[PlyCount "66"]
[EventDate "2012.10.11"]

1. e4 Nf6 2. e5 Nd5 3. c4 Nb6 4. c5 Nd5 5. Bc4 e6 6. Qg4 h5 7. Qg3 Ne7 8. d4
Nf5 9. Qf4 Qh4 10. Qxh4 Nxh4 11. Bg5 Nf5 12. Ne2 Nc6 13. Be3 b6 14. cxb6 axb6
15. O-O Na5 16. Nd2 Bb4 17. Nc3 Bxc3 18. bxc3 Nxc4 19. Nxc4 Ba6 20. Nd2 Bxf1
21. Kxf1 Ra3 22. Nb1 Nxe3+ 23. fxe3 Ra4 24. a3 f6 25. exf6 Rf8 26. Ke2 Rxf6 27.
Nd2 Ke7 28. h4 Rf5 29. Ra2 Rfa5 30. Nb1 g5 31. hxg5 Rxg5 32. Kd3 Ra8 33. Rf2
Rag8 0-1

[Event "2nd Indonesia Open Chess Ch. 2012"]
[Site "Grand SahidJaya Hotel, Jakarta"]
[Date "2012.10.15"]
[Round "6.35"]
[White "Milliet, Sophie"]
[Black "Marentek, Hanny"]
[Result "1/2-1/2"]
[WhiteElo "2421"]
[BlackElo "2232"]
[PlyCount "113"]
[EventDate "2012.10.11"]

1. e4 e6 2. d4 d5 3. Nc3 dxe4 4. Nxe4 Nd7 5. Nf3 Ngf6 6. Nxf6+ Nxf6 7. c3 Be7
8. Qa4+ c6 9. Bd3 O-O 10. Qc2 c5 11. dxc5 Bxc5 12. O-O h6 13. Bf4 Bd6 14. Be5
Bxe5 15. Nxe5 Qc7 16. Qe2 b6 17. f4 Bb7 18. Rae1 Rad8 19. Bb1 Rd5 20. Rf2 Rfd8
21. Bc2 Qc5 22. Kh1 Ba6 23. Qf3 Rd2 24. Rxd2 Rxd2 25. Bb1 Qd5 26. Qxd5 Nxd5 27.
f5 Rxb2 28. fxe6 fxe6 29. Bg6 Kf8 30. c4 Nf6 31. a3 Bb7 32. Nf3 Ke7 33. Bf5 Bc8
34. Nd4 Kd6 35. Bxe6 Bb7 36. Nf5+ Kc7 37. Ne3 Ra2 38. c5 Rxa3 39. cxb6+ axb6
40. Rc1+ Kb8 41. Nf5 Ra5 42. Kg1 Re5 43. Nd4 Re4 44. Rd1 h5 45. Bf5 Re5 46. Rb1
Rd5 47. Rb4 Rd6 48. Nf3 Bxf3 49. gxf3 Kc7 50. Kf2 Rc6 51. Bg6 b5 52. Bf7 Rc5
53. Rb2 Kc6 54. Ke3 Rc3+ 55. Kf4 Kc5 56. Rg2 Nd7 57. Bxh5 {
Unreadable notation. Game ended in 65 moves.} 1/2-1/2

[Event "2nd Indonesia Open Chess Ch. 2012"]
[Site "Grand SahidJaya Hotel, Jakarta"]
[Date "2012.10.15"]
[Round "6.36"]
[White "Medina, Warda Aulia"]
[Black "Sihite, Chelsie Monica"]
[Result "1/2-1/2"]
[WhiteElo "2311"]
[BlackElo "2254"]
[PlyCount "57"]
[EventDate "2012.10.11"]

1. e4 e5 2. Nf3 Nc6 3. Bc4 Nf6 4. Nc3 Bc5 5. d3 d6 6. a3 a6 7. h3 h6 8. Be3
Bxe3 9. fxe3 Be6 10. Nd5 Bxd5 11. Bxd5 Nxd5 12. exd5 Ne7 13. e4 f5 14. Qe2 fxe4
15. dxe4 Ng6 16. O-O-O Qd7 17. g3 O-O-O 18. h4 Rhf8 19. h5 Qg4 20. Ng1 Qxe2 21.
Nxe2 Ne7 22. Rdf1 Kd7 23. Kd2 c6 24. c4 cxd5 25. cxd5 b5 26. Nc3 Rc8 27. Kd3
Rcd8 28. Kd2 Rc8 29. Kd3 1/2-1/2

[Event "2nd Indonesia Open Chess Ch. 2012"]
[Site "Grand SahidJaya Hotel, Jakarta"]
[Date "2012.10.15"]
[Round "6.37"]
[White "Surya, Wahyudi"]
[Black "Muhammad, Luthfi Ali"]
[Result "0-1"]
[WhiteElo "2293"]
[BlackElo "2218"]
[PlyCount "61"]
[EventDate "2012.10.11"]

1. d4 Nf6 2. Nc3 d5 3. Bg5 Nbd7 4. Qd3 c5 5. Bxf6 Nxf6 6. dxc5 e6 7. e4 Nxe4 8.
Nxe4 dxe4 9. Qb5+ Bd7 10. Qxb7 Bxc5 11. Qxe4 Rb8 12. Bd3 Rb4 13. Qe5 Bd4 14.
Qd6 Qa5 15. c3 Bc5 16. Qg3 Rxb2 17. Ne2 O-O 18. O-O Rxa2 19. Rad1 Bb5 20. c4
Ba4 21. Rc1 Bc6 22. Nf4 Bd6 23. Bxh7+ Kxh7 24. Qd3+ Qf5 25. Qxd6 Rc8 26. Rfe1
g5 27. Nd3 Be4 28. Qg3 Ra3 29. Rcd1 Bxd3 30. Rxd3 Rxd3 31. Re5 0-1

[Event "2nd Indonesia Open Chess Ch. 2012"]
[Site "Grand SahidJaya Hotel, Jakarta"]
[Date "2012.10.15"]
[Round "6.38"]
[White "Mahmud, Syarif"]
[Black "Suyud, Hartoyo"]
[Result "0-1"]
[WhiteElo "2291"]
[BlackElo "2178"]
[PlyCount "62"]
[EventDate "2012.10.11"]

1. d4 d5 2. Nf3 c6 3. c4 dxc4 4. g3 Nf6 5. Bg2 Nbd7 6. O-O e6 7. a4 Be7 8. Nc3
O-O 9. e4 e5 10. dxe5 Ng4 11. Bf4 Qa5 12. e6 fxe6 13. Qe2 Nde5 14. Nd2 g5 15.
Bxe5 Nxe5 16. Nxc4 Nxc4 17. Qxc4 Kg7 18. e5 Qxe5 19. Rfe1 Qf5 20. Ne4 e5 21.
Re2 a5 22. Nc5 b6 23. Bxc6 Ra7 24. Nd3 Rc7 25. Rxe5 Qf6 26. Rae1 Bd6 27. Re8
Bd7 28. R8e6 Bxe6 29. Rxe6 Rxc6 30. Qe4 Qf3 31. Qd4+ Rf6 0-1